| 000 | 01164nam a2200241 a 4500 | ||
|---|---|---|---|
| 001 | 79849 | ||
| 003 | BD-RjUL | ||
| 005 | 20220526131117.0 | ||
| 008 | 220525r19591943ii ||||| |||| 00| 0 ben d | ||
| 035 | _a(BD-RjUL)79849 | ||
| 040 |
_aBD-RjUL _beng _cBD-RjUL |
||
| 041 | _aben | ||
| 082 |
_223 _a891.4408 _bMID 1959 |
||
| 100 |
_aমিত্র, দীনবন্ধু _93205 |
||
| 245 |
_aদীনবন্ধু গ্রন্থাবলী / _cদীনবন্ধু মিত্র |
||
| 250 | _a১ম সং. | ||
| 260 |
_aকলিকাতা : _bবঙ্গীয়-সাহিত্য-পরিষৎ, _c১৯৪৩ [ মুদ্রণ ১৯৫৯] |
||
| 300 |
_aখণ্ড; _c২২ সেমি. |
||
| 505 | 0 | 1 | _aখণ্ড. ১ নীল-দর্পন--খণ্ড. ২ নবীন তপস্বিনী --খণ্ড. ৩ বিয়েপাগলা বুড়ো-- খণ্ড. ৪ সধবার একাদশী --খণ্ড. ৫ লীলাবতী -- |
| 650 |
_aবাংলা সাহিত্য _xসংগ্রহ _93206 |
||
| 650 |
_a Bengali Literature _xCollection _93207 |
||
| 942 |
_2ddc _cBK |
||
| 999 |
_c79849 _d79849 |
||